[Event "Geller Memorial op-A 5th"]
[Site "Odessa"]
[Date "2009.08.23"]
[Round "4"]
[White "Goreskul, Alyona"]
[Black "Tishin, Dmitry"]
[Result "1/2-1/2"]
[WhiteElo "2222"]
[BlackElo "2292"]
[PlyCount "21"]
[EventDate "2009.08.20"]
[EventType "swiss"]
[EventRounds "9"]
[EventCountry "UKR"]
[SourceTitle "CBM 132 Extra"]
[Source "ChessBase"]
[SourceDate "2009.11.03"]
[SourceVersion "1"]
[SourceVersionDate "2009.11.03"]
[SourceQuality "1"]

1. e4 c6 2. d4 d5 3. exd5 cxd5 4. c4 Nf6 5. Nc3 e6 6. Nf3 Nc6 7. cxd5 Nxd5 8. Bd3 Be7 9. 0-0 0-0 10. Re1 Bf6 11. Be4 1/2-1/2

[Event "UKR-chT qual. group 1 16th"]
[Site "Alushta"]
[Date "2009.05.24"]
[Round "4"]
[White "Chulivska, Vita"]
[Black "Tishin, Dmitry"]
[Result "1-0"]
[WhiteElo "2338"]
[BlackElo "2299"]
[PlyCount "57"]
[EventDate "2009.05.21"]
[EventType "team-tourn"]
[EventRounds "4"]
[EventCountry "UKR"]
[SourceTitle "EXT 2019"]
[Source "ChessBase"]
[SourceDate "2018.10.10"]
[SourceVersion "1"]
[SourceVersionDate "2018.10.10"]
[SourceQuality "1"]
[WhiteTeam "Lwiw region Western Resource"]
[BlackTeam "Kiev Old Guard"]
[WhiteTeamCountry "UKR"]
[BlackTeamCountry "UKR"]

1. e4 c5 2. Nf3 e6 3. d4 cxd4 4. Nxd4 a6 5. Bd3 Qc7 6. 0-0 Nf6 7. Qe2 d6 8. Nc3 Nc6 9. Be3 Be7 10. Kh1 0-0 11. f4 Re8 12. Rae1 Bf8 13. Nxc6 bxc6 14. g4 c5 15. g5 Nd7 16. Rf3 Bb7 17. Rh3 g6 18. Qf2 Bg7 19. Qh4 Nf8 20. Kg1 c4 21. Bf1 Rad8 22. Bg2 d5 23. Nd1 dxe4 24. Nf2 Bxb2 25. Ng4 h5 26. gxh6 f5 27. Nf6+ Bxf6 28. Qxf6 Qf7 29. h7+ 1-0

[Event "Geller Memorial op-A 4th"]
[Site "Odessa"]
[Date "2008.09.16"]
[Round "8"]
[White "Tishin, Dmitry"]
[Black "Khazankin, Moisey"]
[Result "1-0"]
[WhiteElo "2270"]
[BlackElo "2106"]
[PlyCount "59"]
[EventDate "2008.09.09"]
[EventType "swiss"]
[EventRounds "9"]
[EventCountry "UKR"]
[SourceTitle "CBM 126 Extra"]
[Source "ChessBase"]
[SourceDate "2008.11.05"]
[SourceVersion "1"]
[SourceVersionDate "2008.11.05"]
[SourceQuality "1"]

1. d4 Nf6 2. c4 c5 3. d5 e5 4. Nc3 d6 5. e4 Be7 6. Bd3 Nbd7 7. Nge2 h5 8. Bd2 h4 9. Qa4 Nh5 10. 0-0-0 0-0 11. g3 Nb6 12. Qc2 Bg4 13. f4 h3 14. Rdf1 Nd7 15. Ng1 a6 16. Be2 f5 17. Qd1 Nhf6 18. exf5 Bxf5 19. fxe5 Ne4 20. Rxf5 Nxd2 21. Rxf8+ Nxf8 22. Kxd2 dxe5 23. Nxh3 b5 24. Rf1 Qa5 25. Kc1 Rb8 26. d6 Bf6 27. Qd5+ Kh8 28. Qxc5 Ne6 29. Qd5 Nd4 30. Bd3 1-0

[Event "Geller Memorial op-A 4th"]
[Site "Odessa"]
[Date "2008.09.11"]
[Round "3"]
[White "Pavlov, Sergey1111"]
[Black "Tishin, Dmitry"]
[Result "1/2-1/2"]
[WhiteElo "2433"]
[BlackElo "2270"]
[PlyCount "56"]
[EventDate "2008.09.09"]
[EventType "swiss"]
[EventRounds "9"]
[EventCountry "UKR"]
[SourceTitle "CBM 126 Extra"]
[Source "ChessBase"]
[SourceDate "2008.11.05"]
[SourceVersion "1"]
[SourceVersionDate "2008.11.05"]
[SourceQuality "1"]

1. e4 c6 2. d4 d5 3. exd5 cxd5 4. c4 Nf6 5. Nc3 Nc6 6. Nf3 g6 7. Bg5 Ne4 8. cxd5 Nxc3 9. bxc3 Qxd5 10. Be2 Bg7 11. 0-0 0-0 12. Re1 h6 13. Be3 Na5 14. Qc1 Kh7 15. c4 Qd8 16. Qa3 Bg4 17. Rac1 Rc8 18. Bd2 Nc6 19. Ng5+ hxg5 20. Bxg4 f5 21. Bf3 Bf6 22. d5 Ne5 23. Be2 b6 24. Qg3 Nf7 25. Bf1 e5 26. dxe6 Qxd2 27. Red1 Qb2 28. exf7 Rxf7 1/2-1/2

[Event "Geller Memorial op-A 4th"]
[Site "Odessa"]
[Date "2008.09.10"]
[Round "2"]
[White "Iakymov, Volodymyr"]
[Black "Tishin, Dmitry"]
[Result "1/2-1/2"]
[WhiteElo "2447"]
[BlackElo "2270"]
[PlyCount "117"]
[EventDate "2008.09.09"]
[EventType "swiss"]
[EventRounds "9"]
[EventCountry "UKR"]
[SourceTitle "CBM 126 Extra"]
[Source "ChessBase"]
[SourceDate "2008.11.05"]
[SourceVersion "1"]
[SourceVersionDate "2008.11.05"]
[SourceQuality "1"]

1. e4 c6 2. Nc3 d5 3. Nf3 dxe4 4. Nxe4 Nd7 5. d4 Ngf6 6. Nxf6+ Nxf6 7. Ne5 e6 8. Bd3 Bd6 9. 0-0 Qc7 10. Re1 b6 11. a4 a5 12. Bf4 Bb7 13. c4 0-0-0 14. c5 bxc5 15. dxc5 Bxc5 16. Rc1 Bd6 17. Nxc6 Bxc6 18. Ba6+ Kb8 19. Qb3+ Ka7 20. Bb5 Bxf4 21. Rxc6 Qb7 22. g3 Bc7 23. Ra6+ Qxa6 24. Bxa6 Kxa6 25. Rc1 Nd5 26. Qb5+ Ka7 27. b4 Rb8 28. Rxc7+ Nxc7 29. Qc5+ Kb7 30. b5 Rhd8 31. Qc6+ Kc8 32. b6 Rd7 33. bxc7 Rxc7 34. Qe8+ Kb7 35. Qb5+ Kc8 36. Qxa5 g6 37. Qd2 h5 38. Qd6 Rb1+ 39. Kg2 Ra1 40. Qf8+ Kb7 41. Qb4+ Kc8 42. a5 Ra2 43. Qb5 Kd8 44. Qb6 Kd7 45. a6 Rc6 46. Qb7+ Rc7 47. Qb6 Rc6 48. Qa7+ Rc7 49. Qd4+ Ke7 50. Qb4+ Kd7 51. Qd4+ Ke7 52. Qb4+ Kd7 53. Qf4 Kc8 54. Qd6 Rd7 55. Qb6 Rc7 56. Qd6 Rd7 57. Qb4 Kd8 58. Qf8+ Kc7 59. Qc5+ 1/2-1/2

[Event "UKR-ch sf"]
[Site "Alushta"]
[Date "2008.05.13"]
[Round "3"]
[White "Tishin, Dmitry"]
[Black "Shtembuliak, Evgeny"]
[Result "1-0"]
[WhiteElo "2269"]
[BlackElo "2077"]
[PlyCount "59"]
[EventDate "2008.05.10"]
[EventType "swiss"]
[EventRounds "9"]
[EventCountry "UKR"]
[SourceTitle "CBM 124 Extra"]
[Source "ChessBase"]
[SourceDate "2008.07.03"]
[SourceVersion "1"]
[SourceVersionDate "2008.07.03"]
[SourceQuality "1"]

1. d4 f5 2. g3 Nf6 3. Bg2 e6 4. Nf3 Be7 5. Nc3 d6 6. 0-0 0-0 7. Re1 Qe8 8. e4 fxe4 9. Nxe4 h6 10. Qe2 Qg6 11. Nfd2 Nc6 12. c3 Bd7 13. Nxf6+ Bxf6 14. f4 Rae8 15. Bf3 Qf7 16. Ne4 Qe7 17. Bh5 Rd8 18. Bd2 d5 19. Nf2 Na5 20. f5 Nc4 21. Bf4 Bb5 22. b3 Na3 23. Qb2 Bd7 24. Bxc7 Rc8 25. Ba5 Nb5 26. Bb4 Nd6 27. Qa3 Rc6 28. fxe6 Bxe6 29. Bg4 Re8 30. Rxe6 1-0

[Event "UKR-ch U20"]
[Site "Odessa"]
[Date "2008.03.13"]
[Round "9"]
[White "Tishin, Dmitry"]
[Black "Tukhaev, Adam"]
[Result "0-1"]
[WhiteElo "2260"]
[BlackElo "2524"]
[PlyCount "138"]
[EventDate "2008.03.05"]
[EventType "tourn"]
[EventRounds "11"]
[EventCountry "UKR"]
[EventCategory "5"]
[SourceTitle "CBM 123 Extra"]
[Source "ChessBase"]
[SourceDate "2008.05.06"]
[SourceVersion "1"]
[SourceVersionDate "2008.05.06"]
[SourceQuality "1"]

1. c4 Nf6 2. Nc3 g6 3. g3 Bg7 4. Bg2 0-0 5. e3 d6 6. Nge2 e5 7. 0-0 Nc6 8. d3 Be6 9. Nd5 Qd7 10. Nec3 Nd8 11. Nxf6+ Bxf6 12. Qe2 Bg7 13. Rb1 Bh3 14. Bxh3 Qxh3 15. f4 Qd7 16. Qg2 f5 17. Bd2 c6 18. b4 Ne6 19. Kh1 Rad8 20. Ne2 d5 21. c5 b6 22. fxe5 Bxe5 23. d4 Bg7 24. Nc3 b5 25. Ra1 a6 26. a4 Rde8 27. axb5 axb5 28. Ra6 Bh6 29. Rfa1 Nc7 30. R6a3 Bxe3 31. Bxe3 Rxe3 32. Nxb5 Rxa3 33. Nxa3 Re8 34. Nc2 Nb5 35. Qd2 Re4 36. Re1 Qe6 37. Rxe4 Qxe4+ 38. Kg1 Qf3 39. Ne1 Qg4 40. Nc2 f4 41. Kf2 Qh3 42. gxf4 Qxh2+ 43. Ke1 Qg1+ 44. Ke2 h5 45. Qe3 Qg2+ 46. Kd3 Kf7 47. Ne1 Qa2 48. Nf3 Qc4+ 49. Kd2 Qxb4+ 50. Ke2 Nc3+ 51. Kf1 Qb1+ 52. Kg2 Qc2+ 53. Kh1 Ne4 54. Ne5+ Kf6 55. Nxc6 h4 56. Qe1 Ng3+ 57. Kg1 Ne2+ 58. Kf1 Ng3+ 59. Kg1 Kf5 60. Ne7+ Kg4 61. Nxd5 Kh3 62. Qe6+ Nf5 63. Kf1 Qd1+ 64. Kf2 Qxd4+ 65. Kf1 Qxd5 66. Qxd5 Ne3+ 67. Kf2 Nxd5 68. Kf3 Nc7 69. c6 Na6 0-1

[Event "UKR-ch U20"]
[Site "Odessa"]
[Date "2008.03.10"]
[Round "6"]
[White "Bagrationi, Alexander"]
[Black "Tishin, Dmitry"]
[Result "1/2-1/2"]
[WhiteElo "2178"]
[BlackElo "2260"]
[PlyCount "81"]
[EventDate "2008.03.05"]
[EventType "tourn"]
[EventRounds "11"]
[EventCountry "UKR"]
[EventCategory "5"]
[SourceTitle "CBM 123 Extra"]
[Source "ChessBase"]
[SourceDate "2008.05.06"]
[SourceVersion "1"]
[SourceVersionDate "2008.05.06"]
[SourceQuality "1"]

1. d4 d5 2. c4 e6 3. Nf3 c6 4. Nc3 f5 5. g3 Nf6 6. Bg2 Bd6 7. Bf4 0-0 8. 0-0 Qe7 9. c5 Bxf4 10. gxf4 b5 11. b4 Ne4 12. Qc1 a5 13. Nxe4 fxe4 14. Ne5 axb4 15. f3 exf3 16. Rxf3 Bb7 17. Rh3 Qf6 18. Qc2 g6 19. e3 Rd8 20. Rg3 Kg7 21. Bh3 Nd7 22. Kh1 Nxe5 23. fxe5 Qe7 24. Rag1 Kh8 25. Rf1 Rf8 26. Rgf3 Rxf3 27. Rxf3 Rf8 28. Qf2 Rxf3 29. Qxf3 Kg7 30. Bf1 Qf7 31. Qxf7+ Kxf7 32. Bd3 Bc8 33. Kg2 Bd7 34. Kf2 Kg7 35. e4 g5 36. Ke3 h5 37. Kd2 Kh6 38. Ke3 Bc8 39. Be2 Bd7 40. Bd3 Bc8 41. Be2 1/2-1/2

[Event "UKR-ch U20"]
[Site "Odessa"]
[Date "2008.03.06"]
[Round "2"]
[White "Kononenko, Dmitry"]
[Black "Tishin, Dmitry"]
[Result "1-0"]
[WhiteElo "2484"]
[BlackElo "2260"]
[PlyCount "71"]
[EventDate "2008.03.05"]
[EventType "tourn"]
[EventRounds "11"]
[EventCountry "UKR"]
[EventCategory "5"]
[SourceTitle "CBM 123 Extra"]
[Source "ChessBase"]
[SourceDate "2008.05.06"]
[SourceVersion "1"]
[SourceVersionDate "2008.05.06"]
[SourceQuality "1"]

1. e4 c6 2. d4 d5 3. Nc3 dxe4 4. Nxe4 Nd7 5. Ng5 Ngf6 6. Bd3 e6 7. N1f3 Bd6 8. Qe2 h6 9. Ne4 Nxe4 10. Qxe4 Nf6 11. Qe2 b6 12. Bd2 Bb7 13. 0-0-0 Qc7 14. Ne5 0-0-0 15. f4 Kb8 16. Kb1 c5 17. dxc5 Bxc5 18. Rhf1 Rhf8 19. g4 Nd5 20. a3 f6 21. Ng6 Rfe8 22. h4 Ne7 23. Nxe7 Rxe7 24. g5 hxg5 25. fxg5 Bd4 26. Bf4 e5 27. Bg3 Rf8 28. h5 Ka8 29. h6 Qc8 30. Bf5 Qe8 31. gxf6 gxf6 32. c3 Bc5 33. b4 Rg8 34. Bh4 Qa4 35. h7 Rb8 36. Bxf6 1-0

[Event "UKR-ch sf U20"]
[Site "Lvov"]
[Date "2007.12.06"]
[Round "5"]
[White "Tishin, Dmitry"]
[Black "Bagrationi, Alexander"]
[Result "0-1"]
[WhiteElo "2296"]
[BlackElo "2164"]
[PlyCount "80"]
[EventDate "2007.12.02"]
[EventType "swiss"]
[EventRounds "9"]
[EventCountry "UKR"]
[SourceTitle "CBM 121 Extra"]
[Source "ChessBase"]
[SourceDate "2008.01.10"]
[SourceVersion "1"]
[SourceVersionDate "2008.01.10"]
[SourceQuality "1"]

1. d4 d5 2. c4 c6 3. Nf3 Nf6 4. Nc3 e6 5. e3 Nbd7 6. Qc2 Bd6 7. Be2 dxc4 8. Bxc4 a6 9. 0-0 0-0 10. a4 Qc7 11. h3 Rd8 12. Rd1 c5 13. Ba2 cxd4 14. Rxd4 Ne5 15. Nxe5 Bxe5 16. Rc4 Qe7 17. Bd2 b5 18. Rh4 g5 19. Rh6 Qf8 20. Rxf6 Bxf6 21. Ne4 Be7 22. Ba5 Bb7 23. Bxd8 Rxd8 24. Ng3 Rc8 25. Qe2 bxa4 26. Bc4 Bc6 27. Bxa6 Rb8 28. Qc2 Rb6 29. Bd3 Qg7 30. Ra2 h6 31. Be4 Bd7 32. Qc7 Rd6 33. Bc2 Qe5 34. Qb8+ Bf8 35. Qa7 Bc6 36. Bxa4 Bd5 37. Be8 Qf6 38. Nh5 Qg6 39. Ng3 Rd8 40. Bb5 Qb1+ 0-1

[Event "Alushta 03"]
[Site "Alushta"]
[Date "2007.10.??"]
[Round "14"]
[White "Harutjunyan, Gevorg"]
[Black "Tishin, Dmitry"]
[Result "1/2-1/2"]
[WhiteElo "2387"]
[BlackElo "2296"]
[PlyCount "24"]
[EventDate "2007.09.??"]
[EventType "tourn"]
[EventRounds "14"]
[EventCountry "UKR"]
[EventCategory "3"]
[SourceTitle "EXT 2009"]
[Source "ChessBase"]
[SourceDate "2008.11.26"]
[SourceVersion "1"]
[SourceVersionDate "2008.11.26"]
[SourceQuality "1"]

1. e4 c6 2. d4 d5 3. exd5 cxd5 4. c4 Nf6 5. Nc3 e6 6. Nf3 Bb4 7. cxd5 Nxd5 8. Bd2 0-0 9. Bd3 Nc6 10. 0-0 Nf6 11. Be3 b6 12. Rc1 Bb7 1/2-1/2

[Event "Geller Memorial op-A 3rd"]
[Site "Odessa"]
[Date "2007.09.13"]
[Round "6"]
[White "Tishin, Dmitry"]
[Black "Andrenko, Irina"]
[Result "1-0"]
[WhiteElo "2296"]
[BlackElo "2108"]
[PlyCount "137"]
[EventDate "2007.09.08"]
[EventType "swiss"]
[EventRounds "9"]
[EventCountry "UKR"]
[SourceTitle "CBM 120 Extra"]
[Source "ChessBase"]
[SourceDate "2007.11.01"]
[SourceVersion "1"]
[SourceVersionDate "2007.11.01"]
[SourceQuality "1"]

1. d4 Nf6 2. c4 g6 3. Nc3 Bg7 4. e4 d6 5. Bd3 c5 6. d5 e5 7. Nge2 0-0 8. 0-0 Nh5 9. f3 f5 10. exf5 gxf5 11. Be3 Na6 12. a3 Nc7 13. Qc2 a6 14. g4 e4 15. fxe4 fxg4 16. e5 Rf3 17. Rxf3 gxf3 18. Ng3 Nxg3 19. hxg3 Bxe5 20. Bxh7+ Kh8 21. Qh2 Qe7 22. Bd3+ Kg8 23. Kf2 Bg4 24. Rh1 Qg7 25. Qh7+ Qxh7 26. Rxh7 Ne8 27. Rh4 Nf6 28. Ne4 Bd7 29. Nxf6+ Bxf6 30. Rh7 Rd8 31. b3 b5 32. Kxf3 bxc4 33. bxc4 Bb2 34. Kg2 Bc8 35. Ra7 Bxa3 36. Bg5 Rf8 37. Bh7+ Kh8 38. Bh6 Re8 39. Bg5 Rf8 40. Be7 Rf7 41. Bg6 Rxe7 42. Rxe7 Bg4 43. Ra7 Bb2 44. Rxa6 Be5 45. Bd3 Kg7 46. Ra7+ Kf6 47. Ra8 Kg7 48. Rd8 Kf7 49. Ra8 Kg7 50. Ra2 Bd4 51. Be2 Bf5 52. g4 Be4+ 53. Kh3 Bf6 54. Ra3 Bd4 55. Bd3 Bf3 56. Ra7+ Kf6 57. Kg3 Bd1 58. Kh4 Bf2+ 59. Kh5 Bd4 60. Ra8 Be5 61. Ra7 Bf4 62. Ra1 Bb3 63. g5+ Kg7 64. Ra7+ Kf8 65. Kg6 Be5 66. Kh7 Bd1 67. g6 Bh5 68. g7+ Bxg7 69. Rxg7 1-0

[Event "UKR Universiad B2 8th"]
[Site "Evpatoria"]
[Date "2007.06.08"]
[Round "3"]
[White "Shkuran, Danylo"]
[Black "Tishin, Dmitry"]
[Result "1-0"]
[WhiteElo "2407"]
[BlackElo "2308"]
[PlyCount "65"]
[EventDate "2007.06.07"]
[EventType "swiss"]
[EventRounds "7"]
[EventCountry "UKR"]
[SourceTitle "CBM 119 Extra"]
[Source "ChessBase"]
[SourceDate "2007.09.04"]
[SourceVersion "1"]
[SourceVersionDate "2007.09.04"]
[SourceQuality "1"]

1. e4 c6 2. d4 d5 3. Nc3 dxe4 4. Nxe4 Nd7 5. Bd3 Ngf6 6. Ng5 e6 7. N1f3 Bd6 8. Qe2 h6 9. Ne4 Nxe4 10. Qxe4 Nf6 11. Qe2 b6 12. Bd2 Bb7 13. 0-0 0-0 14. c4 c5 15. dxc5 Bxc5 16. b4 Bxf3 17. Qxf3 Bd4 18. Rad1 e5 19. Qh3 Re8 20. Bf5 Kf8 21. g4 Qc7 22. Bxh6 Qxc4 23. Bg5 Qd5 24. Rc1 Ng8 25. Rc7 f6 26. Qh8 Re7 27. Rxe7 Kxe7 28. Rc1 Kf7 29. Rc7+ Ne7 30. Bg6+ Ke6 31. Qxg7 Bxf2+ 32. Kxf2 Qd4+ 33. Be3 1-0

[Event "UKR Games (Men) 3rd"]
[Site "Evpatoria"]
[Date "2007.05.23"]
[Round "5"]
[White "Tishin, Dmitry"]
[Black "Vovk, Andrey"]
[Result "1/2-1/2"]
[WhiteElo "2308"]
[BlackElo "2484"]
[PlyCount "38"]
[EventDate "2007.05.21"]
[EventType "team"]
[EventRounds "7"]
[EventCountry "UKR"]
[SourceTitle "CBM 118 Extra"]
[Source "ChessBase"]
[SourceDate "2007.07.04"]
[SourceVersion "1"]
[SourceVersionDate "2007.07.04"]
[SourceQuality "1"]

1. d4 Nf6 2. c4 g6 3. Nc3 Bg7 4. e4 d6 5. Bd3 0-0 6. Nge2 e5 7. 0-0 Nc6 8. d5 Ne7 9. Ng3 Nd7 10. Bc2 a5 11. a3 Nb6 12. Qe2 f5 13. exf5 Nxf5 14. Nce4 Nd4 15. Qd3 Nd7 16. Bg5 Nf6 17. f4 Bf5 18. fxe5 dxe5 19. Rae1 Qe8 1/2-1/2

[Event "UKR Games (Men) 3rd"]
[Site "Evpatoria"]
[Date "2007.05.22"]
[Round "2"]
[White "Nosenko, Alexander"]
[Black "Tishin, Dmitry"]
[Result "1/2-1/2"]
[WhiteElo "2508"]
[BlackElo "2308"]
[PlyCount "37"]
[EventDate "2007.05.21"]
[EventType "team"]
[EventRounds "7"]
[EventCountry "UKR"]
[SourceTitle "CBM 118 Extra"]
[Source "ChessBase"]
[SourceDate "2007.07.04"]
[SourceVersion "1"]
[SourceVersionDate "2007.07.04"]
[SourceQuality "1"]

1. Nf3 d5 2. b3 Bf5 3. Bb2 e6 4. g3 h6 5. Bg2 Nf6 6. 0-0 Be7 7. d3 0-0 8. Nbd2 Nbd7 9. c4 c6 10. Rc1 Bh7 11. Rc2 Re8 12. Qa1 Bf8 13. a3 a5 14. Rcc1 Qe7 15. Rfe1 e5 16. cxd5 cxd5 17. Rc7 Qd6 18. Rec1 e4 19. dxe4 1/2-1/2

[Event "UKR-ch qual"]
[Site "Alushta"]
[Date "2007.05.15"]
[Round "5"]
[White "Borzov, Dmitri"]
[Black "Tishin, Dmitry"]
[Result "0-1"]
[WhiteElo "2205"]
[BlackElo "2308"]
[PlyCount "86"]
[EventDate "2007.05.11"]
[EventType "swiss"]
[EventRounds "9"]
[EventCountry "UKR"]
[SourceTitle "EXT 2008"]
[Source "ChessBase"]
[SourceDate "2007.11.25"]
[SourceVersion "1"]
[SourceVersionDate "2007.11.25"]
[SourceQuality "1"]

1. d4 Nf6 2. c4 e6 3. Nc3 Bb4 4. Qc2 d5 5. cxd5 exd5 6. Bg5 0-0 7. e3 c6 8. Bd3 h6 9. Bh4 Re8 10. Nf3 Nbd7 11. 0-0 Be7 12. h3 Ne4 13. Bxe7 Qxe7 14. Bxe4 dxe4 15. Nd2 Nf6 16. f3 exf3 17. Rxf3 Be6 18. Raf1 Nd7 19. Kh1 f5 20. b3 Nb6 21. Qd3 Rad8 22. e4 fxe4 23. Ndxe4 Nd5 24. Nc5 Nxc3 25. Nxe6 Qxe6 26. Qxc3 Qd5 27. Qc5 Qxc5 28. dxc5 Re2 29. Rf7 Rdd2 30. Rxb7 Rxg2 31. Rff7 Rxa2 32. Rxa7 Rac2 33. b4 Rg3 34. Rfc7 Rxh3+ 35. Kg1 Rg3+ 36. Kf1 h5 37. Rxc6 Rb3 38. Re6 Rxb4 39. Rc7 Kh7 40. c6 h4 41. Rc8 h3 42. Ree8 Rb1+ 43. Re1 Rxe1+ 0-1